Comunicación interpersonal /
Contenido: 1. La maniplulación de la comunicación interpersonal. 2. El aspecto binario de la comunicación humana. 3. Dimensiones de la interacción social. 4. Comunicación no verbal. 5. Interacción social entre primates subhumanos. 6. La psicoterapia como comunicación interpersonal. 7. El estudio de...
Guardat en:
| Autor principal: | |
|---|---|
| Format: | Llibre |
| Idioma: | espanyol |
| Publicat: |
México :
El Manual Moderno,
1982, c1982
|
| Matèries: | |
| Etiquetes: |
Sense etiquetes, Sigues el primer a etiquetar aquest registre!
|
MARC
| LEADER | 00000nam^a2200000^a^4500 | ||
|---|---|---|---|
| 001 | 000000203 | ||
| 005 | 20250521000000.0 | ||
| 009 | 20260310083019.864 | ||
| 020 | |a 968-426-143-8 | ||
| 037 | |a Acervo ITESO - Biblioteca | ||
| 041 | |a ESP | ||
| 082 | |a 302. 2214 |b DAN | ||
| 100 | |a Danziger, Kurt |e (autor) | ||
| 245 | 1 | 0 | |a Comunicación interpersonal / |c K. Danzinger ; trad. por Pedro Rivera Ramírez. |
| 264 | 4 | |a México : |b El Manual Moderno, |c 1982, c1982 | |
| 300 | |a 225 p. | ||
| 336 | |a texto |b txt |2 rdacontenido | ||
| 337 | |a sin mediación |b n |2 rdamedio | ||
| 338 | |a volumen |b nc |2 rdasoporte | ||
| 500 | |a Traducción de: Interpersonal Communication | ||
| 520 | |a Contenido: 1. La maniplulación de la comunicación interpersonal. 2. El aspecto binario de la comunicación humana. 3. Dimensiones de la interacción social. 4. Comunicación no verbal. 5. Interacción social entre primates subhumanos. 6. La psicoterapia como comunicación interpersonal. 7. El estudio de la comunicación perturbada en las familias. 8. Desarrollo de la comunicación interpersonal de los niños. 9. Diferencias culturales en la comunicación interpersonal. 10. El estudio de los procesos interpersonales: reflexiones generales. Apéndice: Un sistema para analizar los códigos retóricos en situaciones de conflicto. | ||
| 649 | |a XX | ||
| 650 | |a Comunicación Personal | ||
| 910 | |a Fondo General | ||
| 920 | |a Impresos - Libros | ||
| 930 | |a Colección General | ||
| 905 | |a 101 | ||
| 901 | |a 0500175512 |b IT1 |c ACC |i 000203 |u 20250521 | ||
| 901 | |a 0002030200 |b IT1 |c ACC |i 904624 |u 20250521 | ||
| 902 | |a https://opac.biblio.iteso.mx/vufind/Record/000000203 | ||